000 01097nas a2200289 454500
001 45981
005 20260407193511.0
008 260407s1999####ag###########|||spa#d
003 AR-UNSa-BCEJYS
040 _aAR-UNSa-BCEJYS
_bspa
_cAR-UNSa-BCEJYS
080 _a338.2
_xPolítica económica. Control de la economía. Gestión de la economía. Planificación económica
245 1 0 _aSerie población y desarrollo
022 _a1680-8991
264 1 _aSantiago de Chile :
_bCEPAL (Comisión Económica para América Latina y el Caribe)
_c1999
310 _aFrecuencia: Irregular
041 _aspa
942 _cSER
590 _aniveau_biblio:s niveau_hierar:1
100 1 _aNaciones Unidas. Comisión Económica para América Latina y el Caribe (CEPAL)
700 1 _aCentro Latinoamericano y Caribeño de Demografía (CELADE)
650 _aDesarrollo económico y social
650 _aPobreza
650 _aDemografía
650 _aPoblación
650 _aDesarrollo regional
856 4 1 _uhttps://www.biblioeco.unsa.edu.ar/pmb/images/revistas/R21822.jpg
_yImagen de portada
_qimage/jpeg
999 _c8939
_d8939